000 00584nam a2200193Ia 4500
999 _c65110
_d65110
003 GCL
005 20240530110807.0
008 140319s9999 xx 000 0 ara d
040 _aGCL /
_cGCL
082 0 4 _a640 /
_bش د
100 1 _aالشركة الشرقية للمطبوعات
245 1 0 _aدليلك سيدتى : المجلد الخامس . السلطة /
_cالشركة الشرقية للمطبوعات
300 _aمتعدد
490 _aدليلك سيدتى
_v0
650 0 4 _aالاغذية
650 0 4 _aالطعام
650 0 4 _aالطهى
942 _2ddc
_cBK